000 00591nam a2200241 a 4500
999 _c6992
_d6992
001 6992
003 BD-JhCC
005 20180208181209.0
008 180203s1963 u a|||| | || 001 0 eng d
035 _a(BD-JhCC)6992
040 _aBD-JhCC
_dBD-JhCC
041 _aeng
082 _a510
_bMCS 1963
100 _aMcsSwain, E. T.
245 _aArithmetic 4 /
_cE. T. McsSwain,
250 _a2nd ed.
260 _aNew Jersey :
_bLaidlaw Brothers,
_c1963.
300 _a336 p. :
_bill. ;
_c25 cm.
504 _aIncludes Index
650 _aMathmetics
942 _2ddc
_cBK